01968nam a22003615i 4500001001000000003001100010005001700021008004100038020003300079020003200112040002300144041000800167043001200175050003000187100004000217245005000257250002300307264012100330264001100451300003500462336002600497337002800523338002700551490003500578500002400613500006800637504003100705520074100736650001701477650002401494651006301518651002501581BRCA_9180FranzMayer20220809125143.0220224t20212021mx 000 0 spa  a9786073045834q(colección) a9786073046794q(volumen 11) aDLCbspacDLCerda aspa an-mx--- 4aND1460.53b.A78 2021 v.111 aArroyo Lemus, Elsa Minerva,eautor.10a1521 en el arte barroco /cElsa Arroyo Lemus. aPrimera edición. 1aCiudad de México :bUniversidad Nacional Autónoma de México, Instituto de Investigaciones Históricas,c2021. 4c©2021 a115 p. :bil. ;c12.5 x 19 cm. atextbtxt2rdacontent aunmediatedbn2rdamedia avolumebnc2rdacarrier0 aColección México 500 ;v11 aUbicación: L60-N1 aIncluye ilustraciones de la Colección Franz Mayer (p. 35, 50) aBibliografía: 112-115 p. aEste libro examina las estrategias de representación de las imágenes sobre la conquista de México y sus protagonistas creadas en el imaginario de la pintura novohispana (finales del siglo XVII). Pone énfasis en el papel significativo de los discursos visuales dirigidos a convencer a propios y extraños de que la Nueva España se había fundado sobre un antiguo imperio de grandes riquezas ganado gracias a la sagacidad de los ejércitos españoles comandados por Hernán Cortés, convirtiéndose inmediatamente en uno de los territorios cristianos más leales y fructíferos de la Corona española, ejemplo de buen gobierno y del éxito de sus instituciones en el ejercicio del poder. - Proporcionado por el editor 0aArte barroco 0aHistoria en el arte 0aMéxicoxHistoriayConquista, 1519-1540xObras ilustradas 0aMéxicoxEn el arte